[Event "Titled Tue 27th Dec Early"]
[Site "chess.com INT"]
[Date "2022.12.27"]
[Round "11"]
[White "Lenderman, A."]
[Black "Martinez Alcantara, Jose Eduardo"]
[Result "1-0"]
[WhiteElo "2570"]
[BlackElo "2597"]
[PlyCount "127"]
[EventDate "2022.12.27"]

1. Nf3 c5 2. b3 Nf6 3. Bb2 e6 4. g3 b6 5. Bg2 Bb7 6. O-O Be7 7. c4 O-O 8. Nc3 d6 9. d4 Nbd7 10. Qd3 cxd4 11. Nxd4 Bxg2 12. Kxg2 Qc8 13. e4 Qb7 14. f3 a6 15. Rfd1 Rac8 ({RR} 15... Rfd8 16. Nc2 Rac8 17. Qe2 b5 18. cxb5 axb5 19. Rac1 b4 20. Na4 Nc5 21. Nxc5 Rxc5 22. Ne3 Ra5 23. Ba1 Rda8 24. Rc2 h6 25. Nc4 R5a6 26. Ne3 Nd7 27. Nc4 Nc5 28. Bd4 Nd7 29. Rdd2 Qb5 30. Qf2 {Shandrygin,N (2209)-Da Silva,L (2087) chess.com INT 2024 1-0 (55)}) 16. Qe2 Rfe8 17. Rac1 Bf8 18. Qf2 $146 ({RR} 18. Qf1 g6 19. Re1 h5 20. Nc2 Red8 21. Ne3 Rb8 22. Rcd1 b5 23. Re2 Qb6 24. Qf2 Bh6 25. Nb1 Bxe3 26. Qxe3 Qxe3 27. Rxe3 bxc4 28. Rxd6 Rdc8 29. Bxf6 Nxf6 30. Rxa6 cxb3 31. axb3 Rc2+ 32. Kh3 g5 {Rechi,J-Atkinson,P (2220) Arnhem 1989 0-1 (37)}) 18... Ne5 19. a4 Nfd7 20. f4 Ng6 21. Qf3 Nc5 22. b4 Nd7 23. Nce2 e5 24. Nf5 exf4 25. Nxf4 Nxf4+ 26. gxf4 Qxe4 27. Qxe4 Rxe4 28. Kf3 Re6 29. Bxg7 Bxg7 30. Rg1 Kf8 31. Rxg7 Nf6 32. Rgg1 Ne4 33. Rgd1 Rce8 34. Rd4 Rf6 35. Rxe4 Rxf5 36. Rxe8+ Kxe8 37. Kg4 Rf6 38. f5 d5 39. cxd5 Rd6 40. Rc6 Rxd5 41. Rxb6 a5 42. Kg5 Ke7 43. Rb7+ Kf8 44. Kf6 Rd6+ 45. Ke5 Rd1 46. bxa5 Kg7 47. a6 Re1+ 48. Kd4 Ra1 49. Rb4 Rd1+ 50. Kc5 Kf6 51. a7 Rd8 52. Rb8 Rd1 53. a8=Q Rc1+ 54. Kd4 Rd1+ 55. Ke3 Re1+ 56. Kf2 Rc1 57. Qa6+ Kg5 58. Rg8+ Kxf5 59. Qd3+ Ke6 60. Re8+ Kf6 61. Qf3+ Kg7 62. Qg4+ Kf6 63. Qf4+ Kg6 64. Rg8+ 1-0

[Event "Titled Tue 27th Dec Late"]
[Site "chess.com INT"]
[Date "2022.12.27"]
[Round "7"]
[White "Kazakouski, Valery"]
[Black "Guseinov, G."]
[Result "1-0"]
[WhiteElo "2539"]
[BlackElo "2661"]
[PlyCount "127"]
[EventDate "2022.12.27"]

1. Nf3 {Hazai,Laszlo} g6 2. c4 Bg7 3. d4 d6 4. g3 Nf6 5. Bg2 O-O 6. O-O c5 7. dxc5 dxc5 8. Ne5 ({RR} 8. Nc3 Nc6) 8... Nfd7 ({RR} 8... Qd4 9. Nd3 Na6 10. Qb3 e5 11. Nc3 Qd6 12. Rd1 Qe7 13. Bg5 Rb8 14. Nd5 Qe6 15. Nxf6+ Bxf6 16. Bd5 Qe7 17. Bxf6 Qxf6 18. Qc3 Nc7 19. Qxe5) ({RR} 8... Na6 9. Nc3 Rb8 10. Nd3 Nh5 11. Nb5 Be6 12. Qb3 Qb6 13. Be3 f5 14. Rad1 Bf7 15. Qc2 Qa5 16. a3) ({RR} 8... Qc7 9. Nd3 Bf5 ({RR} 9... Nbd7 10. Nc3 a6 11. Bf4 e5 12. Bd2 Re8 13. Rc1 h5 14. b4) ({RR} 9... Be6 10. Qb3 Nc6 11. Nxc5 Bg4 12. Qxb7 Qxb7 13. Nxb7 Nd4 14. Nc3 Nxe2+ 15. Nxe2 Bxe2 16. Re1 Bxc4 17. Rxe7 Nd5 18. Rd7 Nb6 19. Rd1 Be2 20. Re1 Bc4 21. Nd6 Rad8 22. Nxc4 Nxc4) 10. Nc3 Nbd7 ({RR} 10... Nc6 {RR} 11. Bf4 ({RR} 11. Nxc5 Na5) 11... Qa5 ({RR} 11... e5 12. Bg5) 12. Bd2 Bxd3 13. exd3 Qc7 14. Be3 Nd4 ({RR} 14... Rfd8 15. Bxc5 Ne5 16. d4 Nxc4 17. Qe2 Nd6 18. a4) 15. Bxd4 cxd4 16. Nb5) ({RR} 10... Rd8 11. Qb3 Nc6 12. Bf4 e5 13. Bxc6 exf4 ({RR} 13... Bxd3 14. Qxb7) 14. Qxb7 Rac8 15. Qxc7 Rxc7 16. Bd5) 11. Bf4 e5 12. Bg5 Rfe8 ({RR} 12... h6 13. Bxf6 Nxf6 14. Qb3 e4 15. Nf4 b6 16. Rad1 Rfd8 17. Nfd5 ({RR} 17. e3 Qe5 18. Qa4 Qe7 19. Qc2 g5 20. Nfd5 Nxd5 21. Nxd5 Qe5 22. a4 Bg6) 17... Nxd5 18. Nxd5 Qe5 19. Rd2 Rd7 20. Qe3) 13. Qb3 ({RR} 13. e4 Bg4 14. Qb3 Qd6) 13... e4 14. Nf4 Qb6) 9. Nxd7 ({RR} 9. Nd3 Nc6 ({RR} 9... Nb6 10. Na3 Nc6 11. Nxc5 Qxd1 12. Rxd1 Na5 13. Rb1 Naxc4 14. Nxc4 Nxc4 15. b3 Na5 16. Bb2 Bf5 17. Bxg7 Kxg7 18. Rbc1 Rac8 19. Nxb7) ({RR} 9... Ne5 10. Nxc5 ({RR} 10. Nxe5 Bxe5 11. Nc3 Qa5 12. Bg5 Nc6 13. Bxc6 bxc6 14. Bxe7 Re8 15. Bg5 Qb4 16. Na4 Qxc4 17. Rc1 Qg4 18. Bd2 Ba6 19. Re1 Rad8) 10... Qc7 11. Nd3 Nxc4 12. Qc2 ({RR} 12. Nc3 Nc6 13. Qa4 Nb6 14. Qh4 Bf5) 12... Na6 13. Nc3 Nd6 14. Bf4 Bf5 15. e4 Be6 16. Rfc1 Rfc8 17. Qe2 Qd7 18. Nd5) 10. Nc3 ({RR} 10. Nd2 Nce5 11. Ne4 Nxc4 12. Qc2 Nd6 13. Nexc5 Nxc5 14. Qxc5 Bf5 15. Rd1 b6 16. Qb4 Rc8) 10... Nb6 ({RR} 10... Nce5 11. Nxe5 Nxe5) ({RR} 10... Nde5 11. Nxc5 ({RR} 11. Nxe5 Bxe5 {RR} 12. Bh6 Re8 13. Qc1 Bf5 14. Rd1 Qc8 15. h4)) 11. Nxc5 Nxc4 12. Qa4 Nb6 13. Qh4 e5 ({RR} 13... Qd4 14. N5e4 Bf5 15. Be3 ({RR} 15. Rd1 Qb4 16. a3 Qb3 17. Bh6 Bxe4) 15... Qe5 16. Rad1 ({RR} 16. Bf4 Qa5) 16... Rfd8 17. Nc5 Rxd1 18. Rxd1 Qc7 19. g4 Be6 20. Nxe6 fxe6 21. Ne4) 14. Bg5 ({RR} 14. Qxd8 Rxd8 15. Bg5 f6) 14... f6 15. Be3 f5 ({RR} 15... Qe7 16. Rac1 Rd8 17. Rfd1 Bf5 18. Nxb7 Qxb7 19. Bxb6 Qxb6 20. Qc4+ Kh8 21. Qxc6 Qxb2 22. Qb5) 16. Bg5 Qd4) 9... Nxd7 ({RR} 9... Qxd7 10. Nc3 ({RR} 10. Qb3 Nc6 11. Nc3 Nd4) ({RR} 10. Qxd7 Nxd7 11. Nc3 Nb6 12. Be3 Bd4 13. Bxd4 cxd4 14. Nb5 Nxc4 15. b3 Na5 16. Nxd4 e5 17. Nb5 Bg4 18. Rfe1 Rfd8 19. h3 Bd7 20. Nc7 Rac8 21. Rac1 Bc6 22. Nd5 Bxd5 23. Rxc8 Rxc8 24. Bxd5 Rc2) 10... Nc6 ({RR} 10... Qxd1 11. Rxd1 Nc6 12. Be3 Nd4 13. Rd2 Rb8 14. Nd5 e6 15. Ne7+ Kh8 16. Nxc8 Rfxc8 17. Rad1 Kg8 18. g4) 11. Qd5 ({RR} 11. Qa4 Ne5 ({RR} 11... Bxc3 12. bxc3 Qe6 ({RR} 12... Ne5 13. Qxd7 ({RR} 13. Qb3 Qe6 14. Bd5 Qh3) 13... Bxd7 14. Bxb7 Rab8 15. Bd5 e6 16. Bf4 ({RR} 16. Be4 Nxc4 17. Bh6 Rfc8 18. Rab1)) 13. Be3 Bd7) 12. Qxd7 Bxd7 13. Bxb7 Rab8) ({RR} 11. Be3 Bd4 12. Qd2 Rd8 13. Nb5 ({RR} 13. Rad1 Bxc3) 13... Bxe3 14. Qxe3 b6) 11... Qxd5 ({RR} 11... Qf5 12. Be4 Qg4 13. Bf3 Qf5 14. Be3 Nd4 15. Bxd4 Bxd4) 12. cxd5 Nd4 13. Bg5 Re8 ({RR} 13... f6 14. Bd2 ({RR} 14. Bf4 Bd7 15. Rac1 Rac8 16. Rfe1 b6) 14... Bg4 15. Rae1 Rac8) 14. Rac1 ({RR} 14. e3 Nf5 15. Nb5 Bxb2 16. Rab1 Be5 17. Bf4 Bxf4 18. gxf4 Rd8 19. Nc7 Rb8 20. Na6 Ra8 21. Nc7 ({RR} 21. Nxc5 b6 22. d6 Rb8 23. dxe7 Nxe7)) 14... Bd7 15. Rfe1 Rac8 16. Bd2 e6 17. e3) 10. Qb3 Qb6 ({RR} 10... Ne5 11. Nc3 ({RR} 11. Rd1 Qb6 12. Nc3 Qxb3 13. axb3 Nc6 14. Bxc6 bxc6 15. Be3) 11... Nc6 ({RR} 11... Qd4 12. Bg5) 12. Qb5 ({RR} 12. Rd1 Nd4) 12... Nd4 ({RR} 12... Qd6 13. Bf4 ({RR} 13. Ne4 Qe5 14. Qxc5 Be6 ({RR} 14... Nd4 15. Bg5 ({RR} 15. Qxe5 Nxe2+ 16. Kh1 Bxe5 17. Bh6 Bg7 18. Bxg7 Kxg7 19. Rfe1 Nd4 20. Rad1) 15... Nxe2+ 16. Kh1 Qxb2 17. Bxe7 Re8 18. Rab1 Qxa2 ({RR} 18... Qe5 19. Qxe5 Bxe5 20. Nf6+ Bxf6 21. Bxf6) 19. Nf6+ Bxf6 20. Bxf6)) 13... e5 14. Ne4 Qc7 15. Be3 Nd4 16. Qxc5 Qxc5 17. Nxc5 Nxe2+ 18. Kh1) 13. Qxc5 Be6 14. Bg5 ({RR} 14. Bxb7 Rb8 15. Be4 Rc8 16. Qxa7 Bxc4 17. Re1 Bxe2 18. Bg5 Rc7) 14... b6 15. Qxe7 f6 16. Qxd8 Raxd8 17. Be3 Bxc4 ({RR} 17... Nc2 18. Nd5 Nxa1 19. Rxa1) 18. Bxd4 Rxd4 19. b3 Be6 20. Rad1 Rfd8 21. Rxd4 Rxd4 22. Rd1 Rxd1+ 23. Nxd1 f5 24. Ne3 Kf8 25. Bd5 {Tregubov,P (2635)-Kornev,A (2566) Krasnoyarsk 2003 CBM 098 [Hazai,Laszlo] ½-½ (45)}) ({RR} 10... Nb6 11. Rd1 Bd7 12. a4 ({RR} 12. Nc3 Qc8 13. Nb5 a6 14. Nc3 Qc7 15. Bg5 Rae8 16. Be3 Bc8 17. a4 Nd7 18. a5 Bxc3 19. Qxc3 f6 20. Bf4) 12... Qe8 13. Nc3 Be6 14. Nd5 Bxd5 15. cxd5) ({RR} 10... a5 11. Nc3 Nb6 12. Rd1 Qc7 13. Bf4 e5 14. Be3 a4 15. Qb5 a3 16. Bxc5 axb2 17. Rab1 Nd7 18. Bxf8 Bxf8 19. Nd5 Qc5 20. Qxc5 Bxc5 21. Rxb2 Ra4 22. Rc2 Kg7 23. Bh3 f5 24. Nc7 Kf7 25. Nb5 {Moreno Perez,T (2289)-Rodriguez,M (2163) Villa Constitucion ARG 2024 1-0 (50)}) 11. Nc3 e6 12. Na4 $146 ({RR} 12. Be3 Bd4 13. Bh6 Bg7 14. Bxg7 Kxg7 15. Rfd1 Rb8 16. Qxb6 Nxb6 17. b3 f5 18. Rd6 Na8 19. Nb5 a6 20. Na7 Kf6 21. Rad1 Nc7 22. Rb6 Ke7 23. Nc6+ {1-0 (23) Kazakouski,V (2524)-Tsolakidou,S (2373) Kuressaare EST 2023}) 12... Qa5 13. Rd1 Nb6 14. Nc3 Qb4 15. Ne4 Nxc4 16. Qc2 f5 17. a3 Qb5 18. Nc3 Qa6 19. Na4 Qb5 20. Rb1 Bd7 21. Rxd7 Qxd7 22. Qxc4 b5 23. Qc2 bxa4 24. Bxa8 Rxa8 25. Be3 Qb5 26. Qxc5 Qxc5 27. Bxc5 a6 28. b4 Rd8 29. b5 axb5 30. Rxb5 Rd2 31. Rb8+ Kf7 32. Rb7+ Kg8 33. Kf1 Rc2 34. Rb8+ Kf7 35. Rb7+ Kg8 36. Bb4 Rc1+ 37. Kg2 Rc2 38. e3 g5 39. Ra7 f4 40. gxf4 gxf4 41. Ra8+ Kf7 42. exf4 Bd4 43. Be1 Rc1 44. Rxa4 Rxe1 45. Rxd4 Ra1 46. a4 Kf6 47. Kg3 Kf5 48. Rb4 Ra3+ 49. f3 Ra1 50. Rb5+ Kf6 51. a5 Ra2 52. h4 Ra4 53. f5 exf5 54. Rb6+ Ke5 55. a6 h5 56. Rh6 f4+ 57. Kf2 Ra2+ 58. Ke1 Kd4 59. Re6 Kd3 60. Kf1 Rh2 61. Re4 Ra2 62. Rxf4 Ke3 63. Rf5 Rxa6 64. Kg2 1-0

[Event "Titled Tue 3rd Jan Early"]
[Site "chess.com INT"]
[Date "2023.01.03"]
[Round "4"]
[White "Svane, R."]
[Black "Avila Pavas, Santiago"]
[Result "1-0"]
[WhiteElo "2620"]
[BlackElo "2513"]
[PlyCount "65"]
[EventDate "2023.01.03"]

1. Nf3 d5 2. g3 Bg4 3. Bg2 Nd7 4. O-O c6 5. h3 Bh5 6. d4 Ngf6 7. c4 e6 8. cxd5 exd5 9. Ne5 Bg6 10. Nc3 Bd6 11. f4 Be4 12. Nxe4 Nxe4 13. Bxe4 dxe4 14. Qb3 Bxe5 15. dxe5 $146 ({RR} 15. fxe5 O-O 16. Qxb7 Nb6 17. e3 Qd5 18. b3 Rfb8 19. Qe7 Re8 20. Qd6 Qb5 21. Qc7 Qd5 22. Ba3 Qe6 23. Kh2 Nd5 24. Rae1 Nxc7 {0-1 (24) Svane,R (2615)-Sebag,M (2430) Chess.com INT 2022}) 15... O-O 16. Qxb7 Qb6+ 17. Qxb6 Nxb6 18. b3 Nd5 19. Ba3 Rfd8 20. Rfc1 Rac8 21. Kf2 f5 22. Rc4 Nb6 23. Rc2 Rd5 24. Rac1 Ra5 25. Bb4 Rb5 26. Bd6 Rd5 27. Rxc6 Rxc6 28. Rxc6 Rd2 29. a4 Nd5 30. e6 h5 31. Rc8+ Kh7 32. e7 Nf6 33. Be5 1-0

[Event "Titled Tue 3rd Jan Early"]
[Site "chess.com INT"]
[Date "2023.01.03"]
[Round "4"]
[White "Jones, G."]
[Black "Goryachkina, A."]
[Result "1-0"]
[WhiteElo "2623"]
[BlackElo "2576"]
[PlyCount "61"]
[EventDate "2023.01.03"]

1. Nf3 d5 2. g3 g6 3. Bg2 Bg7 4. O-O Nf6 5. c4 c6 6. b3 Ne4 7. d4 O-O 8. Bb2 Bf5 9. Nbd2 a5 10. Nh4 Nxd2 11. Qxd2 Be6 12. Rac1 ({RR} 12. f4 Nd7 13. f5 gxf5 14. Nxf5 Bxf5 15. Rxf5 e6 16. Rff1 f5 17. cxd5 cxd5 18. Rac1 Nf6 19. Bf3 a4 20. Qe3 Qd7 21. Rc2 axb3 22. Qxb3 Rac8 23. Rfc1 Bh6 24. Rxc8 Rxc8 25. Rc5 Bf8 26. Rb5 Rc7 {Wang,H (2730)-Dubov,D (2703) St Petersburg 2018 0-1 (39)}) 12... a4 13. Bc3 $146 ({RR} 13. cxd5 cxd5 14. Bc3 axb3 15. axb3 Qb6 16. Qb2 Nc6 {½-½ (16) Schandorff,L (2521)-Holm,K (2411) Helsingor 2016}) ({RR} 13. Qc2 Na6 14. Ba3 Nc7 15. Bb2 Na6 16. Rfd1 Nb4 17. Qb1 a3 18. Bc3 Qb6 19. c5 Qb5 20. e3 Bg4 21. Nf3 Rfc8 22. h3 Bf5 23. Qa1 b6 24. Bf1 Qa5 25. Ne1 h5 26. Be2 bxc5 27. dxc5 Bxc3 {Yedidia,J (2345)-Bogosavljevic,B (2480) chess.com INT 2024 0-1 (31)}) 13... axb3 14. axb3 dxc4 15. bxc4 Bxc4 16. Rfe1 Nd7 17. e4 Ra2 18. Rc2 Qa8 19. Nf3 Rxc2 20. Qxc2 Qa2 21. Qc1 Ra8 22. h4 b5 23. h5 Qa4 24. h6 Bh8 25. d5 cxd5 26. Bxh8 Kxh8 27. exd5 Nf6 28. Ng5 Kg8 29. d6 Re8 30. Qc3 Be6 31. dxe7 1-0

[Event "Titled Tue 3rd Jan Early"]
[Site "chess.com INT"]
[Date "2023.01.03"]
[Round "7"]
[White "Jones, G."]
[Black "Bluebaum, M."]
[Result "1-0"]
[WhiteElo "2623"]
[BlackElo "2661"]
[PlyCount "95"]
[EventDate "2023.01.03"]

1. Nf3 d5 2. b3 c5 3. g3 Nc6 ({RR} 3... f6 4. Bg2 e5 5. O-O Nc6 6. e3 Be6 7. d4 e4 8. Nfd2 cxd4 9. exd4 f5 10. Bb2 Nf6 11. c4 Be7 12. cxd5 Nxd5 13. Nc3 O-O 14. Nc4 Ncb4 15. Qe2 Bf6 16. Rad1 Re8 17. f3 Nd3 18. Nb5 {Univio Sanchez,G (2040)-Sanchez Castellanos,G (2035) Bogota COL 2024 ½-½ (63)}) 4. Bb2 d4 5. Bg2 g6 6. e3 $146 ({RR} 6. O-O Bg7 7. d3 Nf6 8. c3 O-O 9. cxd4 cxd4 10. Nbd2 Nd5 11. Rc1 h6 12. Rxc6 bxc6 13. Nxd4 Bb7 14. Qa1 e5 15. N4f3 f6 16. d4 exd4 17. Bxd4 Qe7 18. e4 Nc7 19. Nh4 Kh7 20. Qd1 Qd7 {Lahav,M (2221)-Ushenina,A (2439) Ulcinj 2019 ½-½ (44)}) 6... Bg7 7. O-O Nh6 8. d3 O-O 9. a4 dxe3 10. Bxg7 exf2+ 11. Rxf2 Kxg7 12. Qe1 f6 13. Qc3 Qd6 14. Nbd2 e5 15. Ne4 Qe7 16. Qxc5 Qxc5 17. Nxc5 b6 18. Nd2 bxc5 19. Bxc6 Rb8 20. Ne4 Bh3 21. Nxc5 Rbc8 22. Bg2 Bxg2 23. Ne6+ Kf7 24. Nxf8 Ba8 25. Nxh7 Ng4 26. Raf1 Nxf2 27. Rxf2 f5 28. Ng5+ Kf6 29. h4 a5 30. Kf1 Ke7 31. Ke1 Rd8 32. Re2 Kf6 33. Nh7+ Kg7 34. Ng5 Kf6 35. Kd2 Rd7 36. Ke3 Bc6 37. c3 Rb7 38. Rb2 Bxa4 39. Ra2 Bxb3 40. Rxa5 Bg8 41. Ra6+ Kg7 42. Ne6+ Kh6 43. c4 Rb3 44. Nc5 Rb1 45. Nd7 e4 46. Nf6 Bf7 47. Ra7 Be6 48. Rh7# 1-0

[Event "Titled Tue 3rd Jan Early"]
[Site "chess.com INT"]
[Date "2023.01.03"]
[Round "8"]
[White "Ibarra Jerez, JC."]
[Black "Keymer, Vincent"]
[Result "1-0"]
[WhiteElo "2563"]
[BlackElo "2696"]
[PlyCount "121"]
[EventDate "2023.01.03"]

1. Nf3 c6 2. g3 d5 3. Bg2 Bg4 4. h3 Bh5 5. O-O Nd7 6. b3 Ngf6 7. c4 e6 8. Bb2 Bd6 9. Nc3 $146 ({RR} 9. d3 O-O 10. Qd2 Qe7 11. Nc3 Rad8 12. a3 Nc5 13. Qc2 dxc4 14. bxc4 e5 15. Ng5 h6 16. Nge4 Nfxe4 17. Nxe4 Nxe4 18. dxe4 Bc5 19. g4 Bg6 20. e3 f6 21. Qb3 Bf7 22. a4 b5 23. axb5 cxb5 {Sarto Ramos,A (2095)-Adla,D (2466) Spain 2006 0-1 (31)}) 9... O-O 10. Rc1 Re8 11. Qc2 Qb6 12. Na4 Qd8 13. d3 Rc8 14. Rfe1 b5 15. Nc3 Qb6 16. e3 bxc4 17. bxc4 dxc4 18. Na4 Qa5 19. Qxc4 Bxf3 20. Bxf3 Nd5 21. d4 N7b6 22. Nxb6 axb6 23. e4 Ne7 24. Qb3 Red8 25. Red1 h6 26. Kg2 Ra8 27. a3 Qa4 28. Rd3 Bc7 29. Qxa4 Rxa4 30. Rb3 b5 31. e5 Ra6 32. Rbc3 Bb6 33. Rxc6 Nxc6 34. Rxc6 Bxd4 35. Rxa6 Bxb2 36. Ra5 Rd2 37. Kf1 g6 38. Rxb5 Bxa3 39. Be2 Bb2 40. f4 Bd4 41. Rb3 Ra2 42. Rd3 Bc5 43. h4 Kg7 44. Bf3 Bf2 45. Be2 Bb6 46. Rd7 Bc5 47. Rc7 Bd4 48. Rd7 Be3 49. Rd3 Bc5 50. Rd7 g5 51. fxg5 hxg5 52. hxg5 Kg6 53. Bd3+ Kxg5 54. Rxf7 Kg4 55. Bc4 Kxg3 56. Bxa2 Bd4 57. Bxe6 Bxe5 58. Ke2 Kh4 59. Kf3 Bd6 60. Rf5 Be7 61. Bf7 1-0

[Event "Titled Tue 3rd Jan Early"]
[Site "chess.com INT"]
[Date "2023.01.03"]
[Round "9"]
[White "Jones, G."]
[Black "Krysa, L."]
[Result "1-0"]
[WhiteElo "2623"]
[BlackElo "2538"]
[PlyCount "59"]
[EventDate "2023.01.03"]

1. Nf3 d5 2. g3 c6 3. Bg2 Bg4 4. O-O Nd7 5. h3 Bh5 6. c4 ({RR} 6. d4 Ngf6 7. c4 e6 8. cxd5 exd5 9. Ne5 Ne4 10. Nd2 f5 11. Bf3 Bg6 12. Nxg6 hxg6 13. Bg2 Bd6 14. Nxe4 fxe4 15. h4 Qb6 16. Bg5 Nf8 17. e3 Qc7 18. Bh3 Nh7 19. Qg4 Qf7 20. f3 Nxg5 {Yu Yangyi (2729)-Keymer,V (2690) chess.com INT 2023 1-0}) ({RR} 6. d4 e6 7. c4 Ngf6 8. Qb3 Qb6 9. c5 Qxb3 10. axb3 a6 11. b4 Be7 12. Nc3 Rc8 13. Bf4 O-O 14. Nd2 Rfe8 15. Nb3 Bd8 16. Na5 Bxa5 17. bxa5 e5 18. dxe5 Nxe5 19. g4 d4 20. Na4 Nfxg4 {Tisma,I (1967)-Yang Kaiqi (2481) chess.com INT 2025 1-0 (44)}) ({RR} 6. d4 e6 7. c4 Ngf6 8. cxd5 exd5 9. Ne5 Ne4 10. Bxe4 dxe4 11. Nc3 Nxe5 12. dxe5 Bb4 13. Nxe4 Qxd1 14. Rxd1 Bxe2 15. Rd4 a5 16. Bd2 Be7 17. Re1 Bf3 18. Nd6+ Kf8 19. Nxb7 a4 20. Nd6 Bd5 {Svane,R (2620)-Krysa,L (2538) chess.com INT 2023 1-0 (55)}) 6... e6 7. d3 Ngf6 8. Qb3 $146 ({RR} 8. cxd5 exd5 9. Qb3 Qb6 10. Qxb6 axb6 11. g4 Bg6 12. Bf4 Bc5 13. Nbd2 O-O 14. Nb3 Be7 15. Nbd4 Ra4 16. b3 Ra3 17. Nc2 Raa8 18. a4 Nc5 19. Ncd4 Nfd7 20. Rad1 Rfe8 21. Rfe1 Na6 22. e3 Bb4 {Hill,A (2176)-Ravi,T (2374) Bruges 2018 ½-½ (42)}) 8... Nc5 9. Qc2 a5 10. Be3 Rc8 11. Ne5 Bd6 12. f4 O-O 13. Nc3 Nfd7 14. d4 Bxe5 15. fxe5 Bg6 16. Qd2 Ne4 17. Nxe4 dxe4 18. Bg5 f6 19. exf6 Nxf6 20. Qe3 Qc7 21. Bf4 Qb6 22. Bd6 Rfd8 23. c5 Nd5 24. Qf2 Qxb2 25. Rab1 Qc3 26. Rxb7 e3 27. Qf3 Qxd4 28. g4 Qf6 29. Qg3 Qd4 30. Be5 1-0

[Event "Titled Tue 3rd Jan Early"]
[Site "chess.com INT"]
[Date "2023.01.03"]
[Round "10"]
[White "Svane, R."]
[Black "Ibarra Jerez, JC."]
[Result "1-0"]
[WhiteElo "2620"]
[BlackElo "2563"]
[PlyCount "181"]
[EventDate "2023.01.03"]

1. Nf3 d6 2. d4 g6 3. e4 Nf6 4. Bd3 Bg7 5. O-O O-O 6. h3 Nc6 7. c3 e5 8. Re1 Re8 9. Bc2 ({RR} 9. dxe5 dxe5 10. Bc2 Qe7 11. Be3 Nh5 12. Nbd2 Nf4 13. Bxf4 exf4 14. Qe2 h6 15. Rad1 g5 16. e5 Be6 17. Ne4 Rad8 18. Qb5 Bc8 19. Rxd8 Rxd8 20. e6 fxe6 21. Bb3 a6 22. Qc5 Re8 23. Qf5 Qf7 {Nguyen Ngoc Truong Son (2632)-Sargsyan,S (2666) chess.com INT 2025 1-0 (34)}) 9... Nh5 $146 ({RR} 9... Bd7 10. Nbd2 h6 11. Nf1 Nh5 12. Be3 Qe7 13. Qd2 Kh7 14. Rad1 Rad8 15. N1h2 a6 16. b4 Bc8 17. a3 Qf8 18. Qc1 Kh8 19. Ba4 b5 20. Bb3 f5 21. dxe5 f4 22. Bd4 dxe5 23. Bc5 Qf6 24. Ng4 {Svane,R (2648)-Moroni,L (2584) Chess.com INT 2022 1-0 (68)}) ({RR} 9... Bd7 10. Bg5 h6 11. Bh4 exd4 12. cxd4 g5 13. Bg3 Nh5 14. Bh2 g4 15. hxg4 Bxg4 16. Ba4 Nxd4 17. Bxe8 Bxf3 18. gxf3 Qxe8 19. Kh1 Qe6 20. Rg1 c5 21. Nd2 Kh8 22. f4 Nf6 23. f3 Qh3 24. Qf1 {Martinez Alcantara,J (2597)-Nakamura,H (2768) chess.com INT 2022 1-0 (43)}) ({RR} 9... Bd7 10. Nbd2 h6 11. Nf1 Nh5 12. Be3 Kh8 13. Qd2 g5 14. Rad1 Qf6 15. N1h2 Rad8 16. b4 a6 17. a4 Nf4 18. b5 axb5 19. axb5 Na5 20. Ng4 Nxh3+ 21. gxh3 Qxf3 22. Nh2 Qxh3 23. Bd3 b6 24. Bf1 {Svane,R (2633)-Srihari,L (2500) chess.com INT 2024 ½-½ (70)}) 10. Be3 h6 11. dxe5 dxe5 12. Qxd8 Nxd8 13. Na3 Nf4 14. Nc4 Bd7 15. Nfxe5 Nxh3+ 16. gxh3 Bxe5 17. Nxe5 Rxe5 18. Bxh6 Rh5 19. Be3 Bxh3 20. f3 Nc6 21. Kf2 Be6 22. Rh1 Rxh1 23. Rxh1 f6 24. a4 a6 25. b4 Rd8 26. Rd1 Rxd1 27. Bxd1 Bc4 28. f4 f5 29. exf5 gxf5 30. Bh5 Kg7 31. a5 Kf6 32. Bc5 Ke6 33. Ke3 Bf1 34. Bf3 Bc4 35. Bd1 Kd5 36. Bc2 Ke6 37. Bd4 Bd5 38. Bd3 Bb3 39. Bc5 Bd5 40. Kd2 Nb8 41. Be2 Nd7 42. Bd4 Kd6 43. c4 Be4 44. b5 c5 45. Bg7 Ke6 46. Kc3 Kd6 47. Bh5 Ke6 48. Be8 Bg2 49. Bh5 Be4 50. Bd1 Bg2 51. Kd2 Nf6 52. Ke3 Bh1 53. bxa6 bxa6 54. Ba4 Ng4+ 55. Kd2 Be4 56. Bc3 Bb7 57. Bd1 Nf6 58. Ke3 Ne4 59. Be5 Bc6 60. Bc2 Bd7 61. Bd3 Bc6 62. Be2 Bb7 63. Bh5 Bc6 64. Bg6 Bd7 65. Bh5 Bc6 66. Bd1 Bb7 67. Ba4 Nd6 68. Kd3 Bg2 69. Kc3 Bf1 70. Bxd6 Kxd6 71. Be8 Bg2 72. Bf7 Be4 73. Kd2 Ke7 74. Bg8 Kd6 75. Ke3 Ke7 76. Kf2 Kf6 77. Kg3 Bc6 78. Kh4 Bf3 79. Kg3 Bc6 80. Kf2 Kg7 81. Be6 Kf6 82. Bc8 Be4 83. Bxa6 Ke7 84. Kg3 Kd7 85. Kh4 Kc7 86. Kg5 Kb8 87. Bb5 Ka7 88. Kf6 Bd3 89. Ke5 Kb7 90. Kd5 Kc7 91. Kxc5 1-0

[Event "Titled Tue 3rd Jan Early"]
[Site "chess.com INT"]
[Date "2023.01.03"]
[Round "11"]
[White "Pranav, V."]
[Black "Tan Zhongyi"]
[Result "1-0"]
[WhiteElo "2545"]
[BlackElo "2530"]
[PlyCount "89"]
[EventDate "2023.01.03"]

1. Nf3 d5 2. g3 c5 3. Bg2 Nc6 4. O-O e5 5. d3 Nf6 6. Nbd2 Be7 7. e4 d4 8. Nc4 Nd7 9. a4 h5 ({RR} 9... O-O 10. Nfd2 b6 11. f4 a6 12. Nf3 exf4 13. Bxf4 Re8 14. c3 Ra7 15. h4 h6 16. Qb3 Rb7 17. Rac1 b5 18. axb5 axb5 19. Nd6 Bxd6 20. Bxd6 dxc3 21. Qxc3 b4 22. Qb3 Qb6 23. Qc2 c4+ 24. Kh2 {Ghasi,A (2471)-Narayanan,S (2669) Almaty KAZ 2022 0-1 (54)}) ({RR} 9... O-O 10. Nfd2 Nb6 11. f4 f6 12. f5 Nxc4 13. Nxc4 Bd7 14. g4 g5 15. fxg6 hxg6 16. Bd2 Rf7 17. g5 f5 18. exf5 Bxf5 19. Bxc6 bxc6 20. Nxe5 Rh7 21. Rxf5 gxf5 22. g6 Rh4 23. Nxc6 Qd6 24. Nxe7+ {Osinovsky,S (2235)-Perossa,N (2243) chess.com INT 2025 0-1}) 10. h4 Qc7 11. Ng5 $146 ({RR} 11. c3 Nf8 12. cxd4 cxd4 13. Bd2 Be6 14. Rc1 Ng6 15. b4 Qb8 16. b5 Nd8 17. Ng5 Bxg5 18. Bxg5 f6 19. Bd2 Bg4 20. Qb3 Be6 21. Bb4 Kf7 22. Qa3 Bxc4 23. Rxc4 Ne6 24. Bh3 Rc8 25. Rxc8 Qxc8 {Maksimovic,B (2482)-Flynn,J (2142) chess.com INT 2023 1-0}) 11... Nd8 12. f4 f6 13. Nh3 Nf7 14. f5 b6 15. Bf3 Nd6 16. Bxh5+ Kd8 17. Nxd6 Qxd6 18. Qg4 Bb7 19. Bf7 Bf8 20. b3 Kc7 21. Bd2 Nb8 22. a5 Nc6 23. axb6+ axb6 24. Rxa8 Bxa8 25. Ra1 Bb7 26. Nf2 Qe7 27. Bd5 Qd7 28. Nd1 Bd6 29. Nb2 b5 30. Nd1 Ra8 31. Rxa8 Bxa8 32. h5 Bf8 33. Nf2 Bb7 34. Qh4 Nb4 35. Bxb7 Kxb7 36. Bxb4 cxb4 37. h6 gxh6 38. Qxf6 Qe8 39. Ng4 Qh5 40. Qg6 Qxg6 41. fxg6 Bg7 42. Kg2 Kc6 43. Kh3 Kd6 44. Kh4 Ke6 45. Kh5 1-0

[Event "Titled Tue 3rd Jan Early"]
[Site "chess.com INT"]
[Date "2023.01.03"]
[Round "11"]
[White "Puranik, A."]
[Black "Zhigalko, S."]
[Result "1-0"]
[WhiteElo "2596"]
[BlackElo "2572"]
[PlyCount "85"]
[EventDate "2023.01.03"]

1. Nf3 d5 2. c4 d4 3. b4 Bg4 4. d3 Bxf3 ({RR} 4... Nf6 5. g3 Bxf3 6. exf3 e5 7. a3 a5 8. b5 Nbd7 9. Bg2 Bd6 10. O-O O-O 11. f4 exf4 12. Bxb7 Rb8 13. Bg2 Nc5 14. Bxf4 Bxf4 15. gxf4 Qd6 16. Qf3 Ne6 17. Nd2 Nxf4 18. Rfe1 Nd7 19. Nb3 {Adhiban,B (2689)-Naroditsky,D (2616) Chess.com INT 2019 0-1}) 5. gxf3 ({RR} 5. exf3 e6 6. a3 a5 7. bxa5 Rxa5 8. Be2 Bb4+ 9. Nd2 Nc6 10. O-O Bd6 11. h3 Qa8 12. Nb3 Ra6 13. f4 Bxa3 14. Bf3 Nge7 15. Rb1 O-O 16. Bxa3 Rxa3 17. Nc5 Qa7 18. Rb5 b6 19. Nb3 Qa4 {Moreno Perez,T (2246)-Tristan,L (2521) Mar del Plata ARG 2024 0-1 (50)}) 5... e5 6. Qa4+ $146 ({RR} 6. a3 Nf6 7. Nd2 Nbd7 8. f4 Ng4 9. Nf3 Qf6 10. h3 Nh6 11. fxe5 Nxe5 12. Qa4+ c6 13. Bg2 Bd6 14. b5 Kd7 15. c5 Nxf3+ 16. Bxf3 Bxc5 17. bxc6+ bxc6 18. Bxh6 gxh6 19. Rc1 Rhe8 20. Kd1 Re5 {Hiller,S (2164)-Nguyen,T (1857) Prague 2017 ½-½}) 6... Nd7 7. Bg2 a5 8. b5 Nc5 9. Qc2 Bd6 10. Nd2 Nf6 11. Ne4 Nfd7 12. f4 O-O 13. h4 Nxe4 14. Bxe4 exf4 15. Bxb7 Rb8 16. Bd5 Qe7 17. Bb2 Qe5 18. O-O-O Rfe8 19. Bc6 Rbd8 20. Rde1 Bb4 21. Reg1 h6 22. Rg4 Qxe2 23. Qxe2 Rxe2 24. Bxd4 Ne5 25. Bxe5 Rxe5 26. Bd5 Re2 27. Rxf4 Rxa2 28. Kb1 Ra3 29. Rg1 Kh8 30. Rxf7 Bc3 31. Kc2 Be5 32. Re1 Ra2+ 33. Kb3 Rb2+ 34. Ka3 Bc3 35. Re3 Rd2 36. h5 Bb4+ 37. Kb3 Bc5 38. Ref3 Bd4 39. Rf8+ Rxf8 40. Rxf8+ Kh7 41. Bg8+ Kh8 42. Bf7+ Kh7 43. Bg6# 1-0